LEADER 01521nam a2200313 u 4500 001 000000077492 003 CaOOAMICUS 005 20070226123327.0 008 040206s1971 wiu u000 u eng u 035 $a10983759 040 $aPUL$bita 041 1 $aeng$hlat 100 0 $aNicolaus de Autricuria,$dca. 1300-ca. 1350.$0(OLS)http://pul/name/18475 240 10$aExegit ordo$9(Nicolaus de Autricuria, ca. 1330-ca. 1350).$lInglese.$0(OLS)http://pul/title/101617 245 14$aThe Universal Treatise /$cof Nicholas of Autrecourt ; translated by Leonard Kennedy..., Richard E. Arnold..., Arthur E. Millward... ; with an introduction by Leonard A. Kennedy.. 260 $aMilwaukee :$bMarquette University Press,$c1971. 300 $a165 p. ;$c22 cm 490 1 $aMediaeval philosophical texts in translation , ;$v20 500 $aContiene indici. 504 $aBibliografia in nota. 700 1 $aMillward, Arthur E.$0(OLS)http://pul/name/51525 700 1 $aArnold, Richard Eugene,$d1908-$0(OLS)http://pul/name/51524 700 1 $aKennedy, Leonard A.$0(OLS)http://pul/name/51523 830 0$aMediaeval philosophical texts in translation , ;$v20.$0(OLS)http://pul/title/101609 850 $aPUL 852 $aPUL$W1$xSL Filosofia 1$y2$m82 O 20$j99528$nBK-PRI$b $qStampati$B99528$CPULBib$Z2$F99528 $HPUL93558 $81 941 1 $a8 996 $6245$aThe Universal Treatise$9(OLS)http://pul/title/101618 996 $6260$aMilwaukee :$bMarquette University Press$9(OLS)http://pul/publisher/49546 LEADER 01239nam a2200301 a 4500 001 000000154496 003 CaOOAMICUS 005 20160930130109.0 008 160930s1989 it u000 u ita r 020 $a8813168306* 032 $aLibriCat 040 $aPUL$bita 245 02$aI giudizi semplificati /$ccontributi di Severino Santiapichi ... [et al.] ; coordinati da Alfredo Gaito. 260 $aPadova :$bCEDAM,$c1989. 300 $aIX, 378 p. ;$c25 cm. 490 1 $aQuestioni nuove di procedura penale 504 $aBibliografia in nota. 650 4$aProcedura penale$zItalia.$0(OLS)http://pul/subject/12686 700 1 $aSantiapichi, Severino.$0(OLS)http://pul/name/98349 700 1 $aGaito, Alfredo.$0(OLS)http://pul/name/70681 830 0$aQuestioni nuove di procedura penale.$0(OLS)http://pul/title/193876 850 $aPUL 852 $aPUL$W1$xDP1 Fondo G. Barberini$y122$m4 H 63$j177567$qFondi$B180539$CPULBib$Z2$F180539 $HBar1457 $81 941 1 $a1 996 $6020$a8813168306*$9(OLS)http://pul/number/161202 996 $6245$aI giudizi semplificati$9(OLS)http://pul/title/194105 996 $6260$aPadova :$bCEDAM$9(OLS)http://pul/publisher/48126